Œuvre italienne - Mort subite - Statistiques

Statistiques générales
  • Ce quiz a été pris 303 fois
  • Le résultat moyen est 6 sur 14
Answers on the Grid
Answers color-coded by a green-red scale on the quiz's grid according to % correct below.
La Joconde
La Divine Comédie
Les Quatre Saisons
Plafond de la chapelle Sixtine
La dolce vita
Le Bon, la Brute et le Truand
Le Nom de la rose
La traviata
Énéide
Colisée
Tour de Pise
Les Deux Arlequins
David
Ti amo
Da Vinci Code
Roméo et Juliette
Petit Papa Noël
Super Mario Bros.
Vénus de Milo
Parthénon
Les Noces de Figaro
Don Juan
Victoire de Samothrace
Le Parrain
 
Statistiques - réponses
Réponse % Correct
La Joconde
63%
Colisée
58%
Tour de Pise
58%
Les Quatre Saisons
47%
Plafond de la chapelle Sixtine
47%
Ti amo
45%
La dolce vita
44%
David
40%
La Divine Comédie
40%
La traviata
39%
Le Nom de la rose
30%
Le Bon, la Brute et le Truand
25%
Énéide
19%
Les Deux Arlequins
13%
Aucun quiz correspondant
Distribution des résultats
% des personnes avec chaque résultat
Percentile par nombre de réponses
Votre historique - résultats
Vous n’avez pas pris ce quiz